00702nam a2200193 a 450000100100000000500170001000800410002704000250006808200160009310000260010924500630013526000530019830000210025149000140027250400730028683000210035995201130038099900150049300000477420200929151512.0090727s1977 sp r 000 0 spa d aDO-SdBNPbspacBNPHU axxxxbA696v1 aArias, Gonzalo91387713aLa no violencia :b¿tentación o reto? /cGonzalo Arias. aSalamanca, España :bEdiciones Sigueme,c1977. a239 p. ;c18 cm. 0aPedalv73 aIncluye referencias bibliográficas y notas al pie de las páginas 4aPedaln73913878 001050718MOaGRbGRcCTd2009-07-27iLF1l0oxxxx A696vp4774-10r2020-06-25w2020-06-25y1ZNo se presta c4580d4580